Diccionario de símbolos

Shranjeno v:
Bibliografske podrobnosti
Glavni avtor: Cirlot, Juan Eduardo (Author)
Format: Knjiga
Jezik:španščina
Izdano: Madrid Siruela 2000
Izdaja:4a. ed
Teme:
Oznake: Označite
Brez oznak, prvi označite!

MARC

LEADER 00000nam a2200000 a 4500
001 UCN0799
003 CL-VaPUC
008 010330e20000000SP |||||||||||||||||spa|d
082 0 4 |a 709.0347  |b CIR  |2 21 
100 |a Cirlot, Juan Eduardo  |e author  |9 304005 
245 1 0 |a Diccionario de símbolos 
250 |a 4a. ed 
300 |a 520 p 
942 |c BK 
945 |d 20010330 00:00:00  |a vberengu 
260 |a Madrid  |b Siruela  |c 2000 
650 7 |a SIMBOLOGIA DICCIONARIOS  |2 CL-VaPUC  |9 456028 
650 0 |a Lenguajes simbólicos  |9 328174 
650 0 |a Signos  |9 337575 
583 |a last modification  |c 20010330 00:00:00  |k Rodrigo Vera 
999 |c 294424  |d 294422 
952 |0 0  |1 0  |4 0  |6 709_034700000000000_CIR_2000  |7 0  |8 X  |9 346844  |a BIBEDU  |b BIBEDU  |d 2019-11-20  |i 3708381  |o 709.0347 CIR 2000  |p 3708381  |r 2023-01-13  |w 2019-11-20  |y BK_X  |k LIT